Earthquake Design Criteria (Record no. 13532)

MARC details
000 -LEADER
fixed length control field 00476nam a2200169Ia 4500
008 - FIXED-LENGTH DATA ELEMENTS--GENERAL INFORMATION
fixed length control field 220803s9999 xx 000 0 und d
020 ## - INTERNATIONAL STANDARD BOOK NUMBER
International Standard Book Number 0-943198-23-2
041 ## - LANGUAGE CODE
Language code of text/sound track or separate title eng
082 ## - DEWEY DECIMAL CLASSIFICATION NUMBER
Classification number 720.47 HOU/JEN
100 ## - MAIN ENTRY--PERSONAL NAME
Personal name Housner G W
9 (RLIN) 20032
245 ## - TITLE STATEMENT
Title Earthquake Design Criteria
260 ## - PUBLICATION, DISTRIBUTION, ETC. (IMPRINT)
Place of publication, distribution, etc. Oakland
Name of publisher, distributor, etc. Earthquake Engineering Research Institute
Date of publication, distribution, etc. 1982
300 ## - PHYSICAL DESCRIPTION
Extent 127p
500 ## - GENERAL NOTE
Keywords Architecture
650 ## - SUBJECT ADDED ENTRY--TOPICAL TERM
Topical term or geographic name as entry element Environmental Architecture
9 (RLIN) 20033
700 ## - ADDED ENTRY--PERSONAL NAME
Personal name Jennings P.C
9 (RLIN) 20034
Holdings
Withdrawn status Lost status Damaged status Not for loan Collection code Home library Current library Shelving location Date acquired Vendor Cost, normal purchase price Total Checkouts Full call number Barcode Date last seen Cost, replacement price Bill Date Koha item type Original Barcode
        Book of B Arch Dr. Bhanuben Nanavati College of Architecture Dr. Bhanuben Nanavati College of Architecture   30/09/2008 NICEE 200.00   624.17 HOU/JEN BNCA-BK-6236 03/08/2022 200.00 06/08/2008 Books B006236
          Dr. Bhanuben Nanavati College of Architecture Dr. Bhanuben Nanavati College of Architecture   16/03/2012 National Information Center Of Earthquake Engineer     720.47 HOU/JEN BNCA-DB-712 03/08/2022   03/08/2022 Donated Book DB000712